000
00388nam a2200145Ia 4500
008
100122s9999 xx 000 0 und d
082
_b
15784
_a
823.08
100
_a
लेखक शोधणे
245
_a
मोहर
260
_b
सोमैय्या पब्लिकेशन
_c
1969
300
_a
279
630
_a
मोहर
730
_a
मोहर
942
_c
BOOK
999
_c
405944
_d
405941